Ventilation for control of the work enviroment
The second edition of Ventilation Control of the Work Environment incorporates changes in the field of industrial hygiene since the first edition was published in 1982. Integrating feedback from students and professionals, the new edition includes problems sets for each chapter and updated informati...
محفوظ في:
| المؤلف الرئيسي: | |
|---|---|
| التنسيق: | كتاب |
| اللغة: | Undetermined |
| منشور في: |
Hoboken, N.J.
Wiley-Interscience
2004
|
| الموضوعات: | |
| الوسوم: |
إضافة وسم
لا توجد وسوم, كن أول من يضع وسما على هذه التسجيلة!
|
| Thư viện lưu trữ: | Trung tâm Học liệu Trường Đại học Cần Thơ |
|---|
| LEADER | 01164nam a2200217Ia 4500 | ||
|---|---|---|---|
| 001 | CTU_165892 | ||
| 008 | 210402s9999 xx 000 0 und d | ||
| 020 | |c 159.95 | ||
| 082 | |a 697.92 | ||
| 082 | |b B955 | ||
| 100 | |a Burgess, William A. | ||
| 245 | 0 | |a Ventilation for control of the work enviroment | |
| 245 | 0 | |c William A. Burgess, Michael J. Ellenbecker, Robert D. Treitman | |
| 260 | |a Hoboken, N.J. | ||
| 260 | |b Wiley-Interscience | ||
| 260 | |c 2004 | ||
| 520 | |a The second edition of Ventilation Control of the Work Environment incorporates changes in the field of industrial hygiene since the first edition was published in 1982. Integrating feedback from students and professionals, the new edition includes problems sets for each chapter and updated information on the modeling of exhaust ventilation systems, and thus assures the continuation of the book's role as the primary industry textbook. | ||
| 650 | |a Factories,Industrial hygiene,Nhà máy,Vệ sinh công nghiệp | ||
| 650 | |x Heating and ventilation,Sưởi ấm và thông gió | ||
| 904 | |i Trọng Hải | ||
| 980 | |a Trung tâm Học liệu Trường Đại học Cần Thơ | ||